00860nam a2200205 a 4500020001700000082001900017245004500036260005200081300003300133500022700166500002600393500002000419650001700439650001700456700002500473700002500498942000800523999001500531952010800546 a0074602020 :00a363.73/84/095400aToxic metals in the Indian environment / aNew Delhi :bTata McGraw-Hill Pub. Co.,cc1991. axxii, 280 p. :bill., maps ; a"Based on the results of investigation of an Integrated Environmental Programme on Heavy Metals conducted during April 1983-March 1989, sponsored and funded by Ministry of Environment & Forests, Govt. of India, New Delhi." aContributed articles. aIncludes index. 0aHeavy metals 0aHeavy metals2 aKrishna Murti, C. R.1 aViswanathan, Pushpa. cREF c1369d1369 0010708NFICaICbICcGENd2015-06-26l0o363.73/84/0954p004287r2015-06-26 00:00:00w2015-06-26yREF